Pays sans les lettres de "BURUNDI" - Statistiques

Statistiques générales
  • Ce quiz a été pris 14 fois
    5 depuis la dernière actualisation
  • Le résultat moyen est 4 sur 9
Statistiques - réponses
Continents Pays % Correct
Afrique Togo
75%
Afrique Égypte
50%
Asie Laos
50%
Océanie Samoa
50%
Europe Kosovo
25%
Afrique Lesotho
25%
Europe Malte
25%
Océanie Palaos
25%
Afrique Seychelles
25%
Aucun quiz correspondant
Distribution des résultats
% des personnes avec chaque résultat
Percentile par nombre de réponses
Votre historique - résultats
Vous n’avez pas pris ce quiz depuis la dernière actualisation